Guess the song without the lyrics ! #1 - Statistics

General Stats
  • This quiz has been taken 91 times
  • The average score is 97 of 269
Answer Stats
Titre % Correct
a
95%
A
95%
You
92%
you
92%
he
84%
He
84%
the
84%
to
76%
an
75%
when
74%
When
74%
are
73%
is
72%
"We
72%
We
72%
on
68%
and
65%
And
65%
hear
64%
it
62%
It
62%
can
60%
go
60%
in
60%
of
56%
then
54%
Then
54%
what
54%
don't
53%
they
52%
They
52%
that
49%
for
47%
want
47%
one
42%
see
42%
his
40%
all
39%
like
39%
time
38%
up
38%
get
35%
too
35%
as
34%
it's
34%
now
34%
if
33%
at
32%
but
32%
about
31%
down
28%
give
28%
or
28%
man
27%
night
27%
out
27%
With
27%
with
27%
Yes
27%
any
26%
feel
26%
got
26%
make
26%
just
25%
their
25%
Way
25%
more
24%
sing
24%
thing
24%
best
22%
play
22%
sound
22%
home"
21%
right
21%
last
20%
Yeah
20%
he's
19%
He's
19%
call
18%
cry
18%
damn
16%
doesn't
16%
Guitar
15%
guitar
15%
says
15%
Well
15%
dark
14%
music
14%
old
13%
they're
13%
under
13%
bell
12%
everything
11%
Mind
11%
mind
11%
rock
11%
knows
9%
many
9%
other
9%
rain
9%
ring
9%
roll
9%
young
9%
doing
8%
stop
8%
boys
7%
Sultans
7%
Ah
6%
ain't
6%
anything
6%
Coming
6%
Dire Straits
6%
hold
6%
makes
6%
step
6%
town
6%
inside
5%
lights
5%
Sultans Of Swing
5%
afford
4%
around
4%
chords
4%
Friday
4%
gets
4%
jazz
4%
rhythm
4%
river
4%
shiver
4%
Swing
4%
Swing"
4%
band
2%
"Goodnight
2%
meantime
2%
microphone
2%
park
2%
places
2%
rings
2%
South
2%
south
2%
alright
1%
check
1%
corner
1%
crowd
1%
dressed
1%
Drunk
1%
faces
1%
fast
1%
London
1%
played
1%
steps
1%
strictly
1%
baggies
0%
blowing
0%
brown
0%
Competition
0%
creole
0%
Creole
0%
daytime
0%
Dixie
0%
double-four
0%
fooling
0%
George
0%
Harry
0%
honky-tonk
0%
horns
0%
job
0%
platform
0%
raining
0%
Saving
0%
scene
0%
soles
0%
trumpet-playing
0%
No matching quizzes found
Score Distribution
Percent of People with Each Score
Percentile by Number Answered
Your Score History
You have not taken this quiz